Beyond the neoliberal creative city: Critique and alternatives in the urban cultural economy (Record no. 1464938)

MARC details
000 -LEADER
fixed length control field 00896nam a2200181 4500
005 - DATE AND TIME OF LATEST TRANSACTION
control field 20251022100745.0
008 - FIXED-LENGTH DATA ELEMENTS--GENERAL INFORMATION
fixed length control field 251022b |||||||| |||| 00| 0 eng d
020 ## - INTERNATIONAL STANDARD BOOK NUMBER
International Standard Book Number 9781529233131
037 ## - SOURCE OF ACQUISITION
Terms of availability Textual
040 ## - CATALOGING SOURCE
Original cataloging agency RTL
Transcribing agency RTL
084 ## - COLON CLASSIFICATION NUMBER
Assigning agency RTL
100 ## - MAIN ENTRY--PERSONAL NAME
Personal name Hollands, Robert G.
9 (RLIN) 849090
245 ## - TITLE STATEMENT
Title Beyond the neoliberal creative city: Critique and alternatives in the urban cultural economy
260 ## - PUBLICATION, DISTRIBUTION, ETC.
Place of publication, distribution, etc. Bristol
Name of publisher, distributor, etc. Bristol University press
Date of publication, distribution, etc. 2024
300 ## - PHYSICAL DESCRIPTION
Extent xii, 231 p.
Other physical details Includes bibliographical reference and index
520 ## - SUMMARY, ETC.
Summary, etc. A buoyant, creative economy can be seen as the saviour of many cities, but behind such 'urban makeovers' lie serious problems such as widening inequalities and gentrification. Blending lively city case studies with broader theoretical debates, this book explores the opportunities for a more just and sustainable urban future
942 ## - ADDED ENTRY ELEMENTS (KOHA)
Source of classification or shelving scheme Colon Classification (CC)
Suppress in OPAC No
Koha item type Textual
Holdings
Withdrawn status Lost status Source of classification or shelving scheme Damaged status Not for loan Home library Current library Date acquired Total Checkouts Barcode Date last seen Price effective from Koha item type
    Colon Classification (CC)     Ratan Tata Library Ratan Tata Library 2025-10-22   RT1528493 2025-10-22 2025-10-22 Textual
Copyright @ Delhi University Library System